000 00369nam a2200157Ia 4500
008 100122s9999 xx 000 0 und d
082 _b76944
_a821
100 _aमहाजन कृष्णनाथ
245 _aपालखी
250 _a1
260 _c2008
300 _a88
630 _aपालखी
730 _aपालखी
942 _cBOOK
999 _c393847
_d393844